000 00373nam a22001457a 4500
999 _c12712
_d12712
008 210217b ||||| |||| 00| 0 eng d
082 0 0 _a823.912
_bH6157
100 _94842
_aHeyer, Georgette
245 1 0 _aA civil contract /
_cby Georgette Heyer
250 _a1st ed.
260 _aLondon:
_bHeinemann,
_c1961.
300 _a393p.
650 0 _aEnglish Fiction
942 _cBK